Los Angeles Clippers All-Time Starters - Statistics

General Stats
  • This quiz has been taken 34 times
  • The average score is 5 of 7
Answer Stats
Hint Answer % Correct
C Blake Griffin
100%
PG Chris Paul
93%
SF Bob McAdoo
76%
6th man Kawhi Leonard
69%
PF Elton Brand
55%
Coach Doc Rivers
48%
SG Randy Smith
34%
No matching quizzes found
Score Distribution
Percent of People with Each Score
Percentile by Number Answered
Your Score History
You have not taken this quiz